[Event "Casablanca Mohammed op 4th"]
[Site "Casablanca"]
[Date "2023.08.14"]
[Round "1"]
[White "Alrehaili, Ahmed Abdullah S"]
[Black "Noritsyn, Nikolay"]
[Result "0-1"]
[WhiteElo "2052"]
[BlackElo "2478"]
[PlyCount "92"]
[EventDate "2023.08.14"]
[EventType "swiss"]
[EventRounds "9"]
[EventCountry "MAR"]
[SourceTitle "CBM 215 Extra"]
[Source "ChessBase"]
[SourceDate "2023.09.30"]
[SourceVersion "1"]
[SourceVersionDate "2023.09.30"]
[SourceQuality "1"]

1. e4 c5 2. Nf3 e6 3. b3 b6 4. Bb2 Bb7 5. Nc3 Nc6 6. g3 Be7 7. Bg2 Bf6 8. 0-0 d6 9. Re1 Nge7 10. Na4 Ng6 11. d4 0-0 12. e5 dxe5 13. dxe5 Be7 14. Qe2 Qc7 15. Rad1 Rfd8 16. Nc3 a6 17. h4 h6 18. h5 Nf8 19. Ne4 Nh7 20. Qe3 Nb4 21. Nd6 Nxc2 22. Qf4 Bg5 23. Nxg5 hxg5 24. Qc1 Bxg2 25. Qxc2 Bf3 26. Rc1 Bxh5 27. b4 g4 28. bxc5 bxc5 29. Qxc5 Qxc5 30. Rxc5 Ng5 31. Rec1 Bg6 32. R5c4 Bf5 33. Ra4 Kh7 34. Kg2 Rdb8 35. Bc3 Kg6 36. Bd2 Nf3 37. Nxf5 exf5 38. Rc6+ Kh7 39. Bc1 Rd8 40. Rd6 Nxe5 41. Raxa6 Rxa6 42. Rxd8 Rxa2 43. Rd5 f6 44. Bf4 Re2 45. Kf1 Re4 46. Bxe5 Rxe5 0-1

[Event "Riadh Rapid op"]
[Site "Riadh"]
[Date "2023.03.18"]
[Round "9"]
[White "Alsemail, Mohammed Fahad M"]
[Black "Alrehaili, Ahmed Abdullah S"]
[Result "0-1"]
[WhiteElo "1763"]
[BlackElo "2052"]
[PlyCount "93"]
[EventDate "2023.03.17"]
[EventType "swiss (rapid)"]
[EventRounds "9"]
[EventCountry "SAU"]
[SourceTitle "CBM 213 Extra"]
[Source "ChessBase"]
[SourceDate "2023.05.31"]
[SourceVersion "1"]
[SourceVersionDate "2023.05.31"]
[SourceQuality "1"]

1. e4 e5 2. Bc4 Nf6 3. d3 Nc6 4. Nf3 Bc5 5. 0-0 d6 6. Bg5 h6 7. Be3 Bb6 8. h3 0-0 9. Nc3 Re8 10. a3 Ne7 11. Qd2 Ng6 12. Bxh6 gxh6 13. Qxh6 Nf4 14. g3 Nxh3+ 15. Kg2 d5 16. Nxd5 Nxd5 17. Bxd5 Qd6 18. Qh5 Be6 19. Bxe6 Qxe6 20. Qxh3 Qxh3+ 21. Kxh3 Rad8 22. Kg2 Kg7 23. Rad1 a5 24. Rh1 a4 25. Rh5 f6 26. Nh4 Kf7 27. Nf5 Rh8 28. Rdh1 Rxh5 29. Rxh5 Ke6 30. Rh7 Rd7 31. Rxd7 Kxd7 32. f4 Ke6 33. Kf3 Ba5 34. c3 c5 35. Ne3 b5 36. Nd5 Bd8 37. g4 Kf7 38. f5 Kg7 39. Ke3 Kh6 40. d4 cxd4+ 41. cxd4 exd4+ 42. Kxd4 Kg5 43. Kc5 Kxg4 44. Kxb5 Kf3 45. Nc3 Ke3 46. Kxa4 Bc7 47. Nd5+ 0-1

[Event "Riadh Rapid op"]
[Site "Riadh"]
[Date "2023.03.17"]
[Round "5"]
[White "Musallam Salim, Al Aamri"]
[Black "Alrehaili, Ahmed Abdullah S"]
[Result "0-1"]
[WhiteElo "1743"]
[BlackElo "2052"]
[PlyCount "124"]
[EventDate "2023.03.17"]
[EventType "swiss (rapid)"]
[EventRounds "9"]
[EventCountry "SAU"]
[SourceTitle "CBM 213 Extra"]
[Source "ChessBase"]
[SourceDate "2023.05.31"]
[SourceVersion "1"]
[SourceVersionDate "2023.05.31"]
[SourceQuality "1"]

1. e4 c6 2. Nf3 d5 3. Nc3 Bg4 4. h3 Bxf3 5. Qxf3 e6 6. d3 Nd7 7. g4 Bc5 8. Bd2 Ne5 9. Qg3 Bd6 10. f4 Nd7 11. 0-0-0 Ne7 12. e5 Bb4 13. Kb1 a5 14. Bg2 Qc7 15. d4 Nb6 16. Bf1 Bxc3 17. Bxc3 0-0 18. Bd3 Na4 19. Bd2 c5 20. dxc5 Nxc5 21. Be2 Ne4 22. Qg2 Rfc8 23. Bd3 Nc5 24. Be2 Na4 25. Rc1 Qb6 26. b3 Qd4 27. bxa4 Qxd2 28. Qf3 Rc3 29. Rhd1 Rxf3 30. Rxd2 Rxf4 31. Bb5 Nc6 32. c4 d4 33. Rcd1 Rd8 34. Re1 Ne7 35. Kc2 h5 36. gxh5 Rh4 37. Rd3 Rxh5 38. Re4 Nf5 39. Kb3 Rg5 40. c5 Rg1 41. c6 bxc6 42. Bxc6 Rc8 43. Bb5 Rb1+ 44. Ka3 g6 45. Bd7 Rc5 46. Bb5 Kg7 47. Re2 Rb4 48. Rb2 Rxb2 49. Kxb2 Rxe5 50. Kb3 Re3 51. Kc2 e5 52. Rxe3 Nxe3+ 53. Kd3 f5 54. Bc6 Kf6 55. Ba8 Ke6 56. Bc6 Kd6 57. Be8 g5 58. Bg6 Kd5 59. Bf7+ Kc5 60. Be6 e4+ 61. Kd2 Kd6 62. Bc8 Ke5 0-1

[Event "Olympiad-44"]
[Site "Chennai"]
[Date "2022.07.29"]
[Round "1.4"]
[White "Alrehaili, Ahmed Abdullah S"]
[Black "Wageih, Kareim"]
[Result "1/2-1/2"]
[WhiteElo "1986"]
[BlackElo "2387"]
[PlyCount "150"]
[EventDate "2022.07.29"]
[EventType "team-swiss"]
[EventRounds "11"]
[EventCountry "IND"]
[SourceTitle "CBM 210"]
[Source "ChessBase"]
[SourceDate "2022.10.31"]
[SourceVersion "1"]
[SourceVersionDate "2022.10.31"]
[SourceQuality "1"]
[WhiteTeam "Saudi Arabia"]
[BlackTeam "Egypt"]
[WhiteTeamCountry "SAU"]
[BlackTeamCountry "EGY"]

1. e4 c5 2. Nf3 e6 3. b3 Nf6 4. e5 Nd5 5. Bb2 Nc6 6. g3 b6 7. Bg2 Bb7 8. 0-0 Qc7 9. Na3 a6 10. Nc4 Qd8 11. d4 b5 12. Nd6+ Bxd6 13. exd6 c4 14. bxc4 bxc4 15. c3 0-0 16. Nd2 Na5 17. Rb1 Bc6 18. Qc2 Rb8 19. Ba3 Rb5 20. Bb4 Nxb4 21. cxb4 Bxg2 22. Kxg2 Qa8+ 23. Kg1 Nc6 24. Qxc4 Rd5 25. Nb3 Rxd6 26. Rfd1 Na7 27. d5 exd5 28. Qc5 Rc6 29. Qe7 Nb5 30. Nd4 Nc3 31. Nxc6 dxc6 32. Qc5 Nxb1 33. Rxb1 Re8 34. Rc1 Re6 35. a4 h5 36. h4 Qe8 37. b5 cxb5 38. axb5 Qxb5 39. Qxb5 axb5 40. Rc8+ Kh7 41. Rb8 Re1+ 42. Kg2 Rb1 43. Rd8 Rd1 44. Rb8 Rb1 45. Rd8 f6 46. Rxd5 Kg6 47. Kf3 b4 48. Rb5 b3 49. Rb7 Kh6 50. Rb6 Kh7 51. Ke2 b2 52. Kf3 g5 53. hxg5 fxg5 54. Rb7+ Kg6 55. Rb6+ Kf5 56. Rb5+ Ke6 57. Rb6+ Kd5 58. Rb5+ Kc4 59. Rb8 Kc3 60. Rc8+ Kd2 61. Rb8 Kc2 62. Rc8+ Kd1 63. Rb8 h4 64. gxh4 gxh4 65. Kg2 h3+ 66. Kh2 Kc2 67. Rc8+ Kd3 68. Rb8 Kc3 69. Rc8+ Kd4 70. Rb8 Kc5 71. Rb7 Kc6 72. Rb8 Kc7 73. Rb3 Kd6 74. Rb8 Ke5 75. f4+ Kd5 1/2-1/2

[Event "Asian University"]
[Site "Tornelo INT"]
[Date "2021.09.12"]
[Round "9"]
[White "Sivanesan, Subramanian"]
[Black "Alrehaili, Ahmed Abdullah S"]
[Result "1/2-1/2"]
[WhiteElo "1977"]
[BlackElo "1980"]
[PlyCount "165"]
[EventDate "2021.09.10"]
[EventType "swiss (rapid)"]
[EventRounds "9"]
[EventCountry "NET"]
[SourceTitle "CBM 204 Extra"]
[Source "ChessBase"]
[SourceDate "2021.11.30"]
[SourceVersion "1"]
[SourceVersionDate "2021.11.30"]
[SourceQuality "1"]

1. e4 e6 2. d4 d5 3. Nc3 Nf6 4. Bg5 Be7 5. e5 Nfd7 6. Bxe7 Qxe7 7. f4 a6 8. Nf3 c5 9. dxc5 Nxc5 10. Bd3 Nc6 11. 0-0 0-0 12. Kh1 f5 13. exf6 Qxf6 14. Ng5 g6 15. Qd2 Bd7 16. Rae1 b5 17. Be2 Nd4 18. Bg4 b4 19. Nd1 Bb5 20. Rf2 a5 21. c3 bxc3 22. bxc3 Nf5 23. Nxe6 Nd3 24. Nxf8 Kxf8 25. Rff1 Nxe1 26. Rxe1 Bc6 27. Bxf5 Qxf5 28. Qd4 Kf7 29. Qc5 Qd7 30. Nf2 Re8 31. Rxe8 Qxe8 32. Nd3 Kg7 33. Ne5 Bb7 34. Qc7+ Kh6 35. Qxb7 Qa4 36. Qb3 Qxf4 37. Nf3 a4 38. Qxd5 Qc1+ 39. Ng1 Qxc3 40. h3 a3 41. Nf3 Qc1+ 42. Kh2 Qf4+ 43. Kg1 Qe3+ 44. Kf1 Qc1+ 45. Kf2 g5 46. Qe6+ Kg7 47. Qe5+ Kg6 48. Qe8+ Kg7 49. Qe7+ Kg6 50. Qe6+ Kg7 51. Qd5 h6 52. Qd7+ Kg6 53. Ne5+ Kf6 54. Qd6+ Kf5 55. Nf3 Qb2+ 56. Qd2 Qb6+ 57. Ke2 Qe6+ 58. Kd1 Qa6 59. Qc2+ Kf4 60. Qc7+ Ke3 61. Qe5+ Kf2 62. Qe4 Qd6+ 63. Nd2 Qc5 64. Qf3+ Kg1 65. Qf1+ Kh2 66. Nf3+ Kg3 67. Nd2 Kh2 68. Qe2 Qd4 69. Ke1 Qc3 70. Kf2 Qg3+ 71. Kf1 Qc3 72. Nf3+ Kh1 73. Qe5 Qc1+ 74. Kf2 Qc2+ 75. Qe2 Qc5+ 76. Kg3 Qd6+ 77. Kg4 Qf4+ 78. Kh5 Qf7+ 79. Kxh6 Qf6+ 80. Kh5 Qf7+ 81. Kxg5 Qf5+ 82. Kh6 Qg6+ 83. Kxg6 1/2-1/2